| 000 | 00420nam a2200205Ia 4500 | ||
|---|---|---|---|
| 001 | 13072 | ||
| 003 | GE_BSU | ||
| 008 | 181216s||||||||xx |||||||||||||| ||und|| | ||
| 020 | _a9780349112275 | ||
| 040 | _cGE_BSU | ||
| 080 | _a821.111-3 | ||
| 100 | _aRathbone,Julian. | ||
| 245 | _aJoseph. | ||
| 260 | _aLondon. | ||
| 260 | _bAbacus. | ||
| 260 | _c1979 | ||
| 300 | _a652p;20cm. | ||
| 653 | _aJoseph. | ||
| 942 | _cBK | ||
| 999 |
_c46239 _d46239 |
||